| 000 | 00586cam a2200157 4500 | ||
|---|---|---|---|
| 001 | ABS60975 | ||
| 008 | 000000n1999 000 0 eng u | ||
| 035 | _a(Sirsi) u101521 | ||
| 245 | _aLandscaping. | ||
| 260 | _c1999 | ||
| 490 |
_aBuilding _v264(8097) 16 July 1999, 44-53(8) |
||
| 520 | _aSpecial feature on landscaping. Covers Wimbledon All England Lawn Tennis and Croquet Club, the new Thames Barrier Park in South London, the use of landscaping in construction projects and a review of the latest landscaping products. | ||
| 650 | _aLANDSCAPING | ||
| 690 | _aLAND | ||
| 942 | _n0 | ||
| 999 |
_c60653 _d60653 |
||